000 00471nam a2200193Ia 4500
003 OSt
005 20221005120958.0
006 a|||||r|||| 00| 0
007 ta
008 221004b |||||||| |||| 00| 0 eng d
024 _a111649
037 _cTextual
040 _aCRL
_cCRL
_beng
041 _2eng
_aeng
245 0 _aGambia sessional paper no.10 of 1965 report of the accountant genral
260 _c1965
942 _cTEXL
_2cc
999 _c1039741
_d1039741